مجلة كلية الآداب / (رقم التسجيلة. 89140)
[ عرض عادي ]
| 000 -LEADER | |
|---|---|
| fixed length control field | 00417nas a22001457a 4500 |
| 005 - DATE AND TIME OF LATEST TRANSACTION | |
| control field | 20251108172819.0 |
| 008 - FIXED-LENGTH DATA ELEMENTS--GENERAL INFORMATION | |
| fixed length control field | 250721s9999 xx || 000 0 ara d |
| 082 14 - DEWEY DECIMAL CLASSIFICATION NUMBER | |
| Classification number | م/051/ج |
| 245 10 - TITLE STATEMENT | |
| Title | مجلة كلية الآداب / |
| 264 1# - PRODUCTION, PUBLICATION, DISTRIBUTION, MANUFACTURE, AND COPYRIGHT NOTICE | |
| Place of production, publication, distribution, manufacture | بغداد : |
| Name of producer, publisher, distributor, manufacturer | كلية الاداب، |
| 650 17 - SUBJECT ADDED ENTRY--TOPICAL TERM | |
| Topical term or geographic name as entry element | دوريات عربية |
| 710 2# - ADDED ENTRY--CORPORATE NAME | |
| Corporate name or jurisdiction name as entry element | جامعة بغداد - كلية الاداب |
| 942 ## - ADDED ENTRY ELEMENTS (KOHA) | |
| Source of classification or shelving scheme | Dewey Decimal Classification |
| Koha item type | دوريات |
| حالة السحب | حالة الفقدان | مصدر التصنيف | حالة التلف | غير قابل للإعارة | المكتبة الرئيسية | المكتبة الحالية | موقع الرف | تاريخ التزويد | الرقم المتسلسل | Total Checkouts | رقم الإستدعاء | الباركود | تاريخ آخر ظهور | تاريخ الفاتورة | نوع المادة (كوها) |
|---|---|---|---|---|---|---|---|---|---|---|---|---|---|---|---|
| Dewey Decimal Classification | Not For Loan | المكتبة المركزية | المكتبة المركزية | مراجع | 28/07/2025 | 12292 | م/051/ج | 12292 | 28/07/2025 | 28/07/2025 | دوريات | ||||
| Dewey Decimal Classification | Not For Loan | المكتبة المركزية | المكتبة المركزية | مراجع | 28/07/2025 | 12293 | م/051/ج | 12293 | 28/07/2025 | 28/07/2025 | دوريات | ||||
| Dewey Decimal Classification | Not For Loan | المكتبة المركزية | المكتبة المركزية | مراجع | 28/07/2025 | 12294 | م/051/ج | 12294 | 28/07/2025 | 28/07/2025 | دوريات | ||||
| Dewey Decimal Classification | Not For Loan | المكتبة المركزية | المكتبة المركزية | مراجع | 28/07/2025 | 12427 | م/051/ج | 12427 | 28/07/2025 | 28/07/2025 | دوريات | ||||
| Dewey Decimal Classification | Not For Loan | المكتبة المركزية | المكتبة المركزية | مراجع | 28/07/2025 | 14788 | م/051/ج | 14788 | 28/07/2025 | 28/07/2025 | دوريات | ||||
| Dewey Decimal Classification | Not For Loan | المكتبة المركزية | المكتبة المركزية | مراجع | 28/07/2025 | 33484 | م/051/ج | 33484 | 28/07/2025 | 28/07/2025 | دوريات | ||||
| Dewey Decimal Classification | Not For Loan | المكتبة المركزية | المكتبة المركزية | مراجع | 28/07/2025 | 33485 | م/051/ج | 33485 | 28/07/2025 | 28/07/2025 | دوريات |